<?xml version="1.0" encoding="UTF-8"?>
<record
    xmlns:xsi="http://www.w3.org/2001/XMLSchema-instance"
    xsi:schemaLocation="http://www.loc.gov/MARC21/slim http://www.loc.gov/standards/marcxml/schema/MARC21slim.xsd"
    xmlns="http://www.loc.gov/MARC21/slim">

  <leader>01997nam a22003017a 4500</leader>
  <controlfield tag="001">1533</controlfield>
  <controlfield tag="003">FISKH</controlfield>
  <controlfield tag="005">20230904143347.0</controlfield>
  <controlfield tag="008">230904b        cb ||||| |||| 00| 0 khr d</controlfield>
  <datafield tag="020" ind1=" " ind2=" ">
    <subfield code="a">9789924340492</subfield>
  </datafield>
  <datafield tag="040" ind1=" " ind2=" ">
    <subfield code="a">FISKH</subfield>
    <subfield code="b">eng</subfield>
    <subfield code="c">FISKH</subfield>
    <subfield code="d">FISKH</subfield>
  </datafield>
  <datafield tag="082" ind1=" " ind2=" ">
    <subfield code="a">523.2</subfield>
  </datafield>
  <datafield tag="100" ind1=" " ind2=" ">
    <subfield code="a">Kunthearo, Prum </subfield>
  </datafield>
  <datafield tag="245" ind1=" " ind2=" ">
    <subfield code="a">&#x1795;&#x17D2;&#x1780;&#x17B6;&#x1799;&#x1794;&#x17C3;&#x178F;&#x1784; /</subfield>
    <subfield code="c">&#x1793;&#x17B7;&#x1796;&#x1793;&#x17D2;&#x1792;&#x178A;&#x17C4;&#x1799; &#x1796;&#x17D2;&#x179A;&#x17BB;&#x17C6; &#x1782;&#x1793;&#x17D2;&#x1792;&#x17B6;&#x179A;&#x17C9;&#x17BC; - &#x1782;&#x17BC;&#x179A;&#x179A;&#x17BC;&#x1794;&#x178A;&#x17C4;&#x1799; &#x1785;&#x17B6;&#x1793;&#x17CB; &#x1796;&#x17B7;&#x179F;&#x17B8; </subfield>
  </datafield>
  <datafield tag="246" ind1=" " ind2=" ">
    <subfield code="a">Green star </subfield>
  </datafield>
  <datafield tag="250" ind1=" " ind2=" ">
    <subfield code="a">&#x1794;&#x17C4;&#x17C7;&#x1796;&#x17BB;&#x1798;&#x17D2;&#x1796;&#x179B;&#x17BE;&#x1780;&#x1791;&#x17B8;&#x200B; &#x17E4; &#x1780;&#x1780;&#x17D2;&#x1780;&#x178A;&#x17B6; &#x17E2;&#x17E0;&#x17E2;&#x17E2;</subfield>
  </datafield>
  <datafield tag="260" ind1=" " ind2=" ">
    <subfield code="a">Phnom Penh : </subfield>
    <subfield code="b">Sipar, </subfield>
    <subfield code="c">2022.</subfield>
  </datafield>
  <datafield tag="300" ind1=" " ind2=" ">
    <subfield code="a">27 pages : </subfield>
    <subfield code="b">color illustrations ; </subfield>
    <subfield code="c">24 cm</subfield>
  </datafield>
  <datafield tag="500" ind1=" " ind2=" ">
    <subfield code="a">G 
</subfield>
  </datafield>
  <datafield tag="520" ind1=" " ind2=" ">
    <subfield code="a">&#x1793;&#x17B8;&#x178F;&#x17B6;&#x179F;&#x17D2;&#x179A;&#x179B;&#x17B6;&#x1789;&#x17CB;&#x1798;&#x17BB;&#x1781;&#x179C;&#x17B7;&#x1787;&#x17D2;&#x1787;&#x17B6;&#x179C;&#x17B7;&#x1791;&#x17D2;&#x1799;&#x17B6;&#x179F;&#x17B6;&#x179F;&#x17D2;&#x179A;&#x17D2;&#x178F;&#x17D4; &#x1790;&#x17D2;&#x1784;&#x17C3;&#x1798;&#x17BD;&#x1799; &#x1793;&#x17B6;&#x1784;&#x1794;&#x17B6;&#x1793;&#x17AE;&#x179F;&#x17C6;&#x179B;&#x17C1;&#x1784;&#x1785;&#x1798;&#x17D2;&#x179B;&#x17C2;&#x1780;&#x1793;&#x17C5;&#x179B;&#x17BE;&#x1797;&#x17D2;&#x1793;&#x17C6;&#x1781;&#x17B6;&#x1784;&#x1780;&#x17D2;&#x179A;&#x17C4;&#x1799;&#x1795;&#x17D2;&#x1791;&#x17C7;&#x17D4; &#x1793;&#x17B6;&#x1784;&#x1794;&#x17B6;&#x1793;&#x1785;&#x17C1;&#x1789;&#x1791;&#x17C5;&#x179A;&#x1780;&#x1798;&#x17BE;&#x179B;&#x1794;&#x17D2;&#x179A;&#x1797;&#x1796;&#x179F;&#x17C6;&#x17A1;&#x17C1;&#x1784; &#x17A0;&#x17BE;&#x1799;&#x1794;&#x17B6;&#x1793;&#x1787;&#x17BD;&#x1794;&#x1793;&#x17B9;&#x1784;&#x1780;&#x17D2;&#x1798;&#x17C1;&#x1784;&#x1794;&#x17D2;&#x179A;&#x17BB;&#x179F;&#x1794;&#x17C3;&#x178F;&#x1784;&#x1798;&#x17D2;&#x1793;&#x17B6;&#x1780;&#x17CB;&#x17D4; &#x1796;&#x17BD;&#x1780;&#x1782;&#x17C1;&#x1794;&#x17B6;&#x1793;&#x1780;&#x17D2;&#x179B;&#x17B6;&#x1799;&#x1787;&#x17B6;&#x1798;&#x17B7;&#x178F;&#x17D2;&#x178F;&#x1793;&#x17B9;&#x1784;&#x1782;&#x17D2;&#x1793;&#x17B6; &#x17A0;&#x17BE;&#x1799;&#x1793;&#x17B8;&#x178F;&#x17B6;&#x1794;&#x17B6;&#x1793;&#x1799;&#x1780;&#x1785;&#x17C6;&#x1793;&#x17C1;&#x17C7;&#x178A;&#x17B9;&#x1784;&#x1795;&#x17D2;&#x1793;&#x17C2;&#x1780;&#x179C;&#x17B7;&#x1791;&#x17D2;&#x1799;&#x17B6;&#x179F;&#x17B6;&#x179F;&#x17D2;&#x179A;&#x17D2;&#x178F;&#x179A;&#x1794;&#x179F;&#x17CB;&#x1793;&#x17B6;&#x1784;&#x178A;&#x17BE;&#x1798;&#x17D2;&#x1794;&#x17B8;&#x1787;&#x17BD;&#x1799;&#x1780;&#x17D2;&#x1798;&#x17C1;&#x1784;&#x1794;&#x17D2;&#x179A;&#x17BB;&#x179F;&#x17B3;&#x17D2;&#x1799;&#x178F;&#x17D2;&#x179A;&#x17A1;&#x1794;&#x17CB;&#x1791;&#x17C5;&#x1795;&#x17D2;&#x1791;&#x17C7;&#x1782;&#x17C1;&#x179C;&#x17B7;&#x1789;&#x17D4; </subfield>
  </datafield>
  <datafield tag="520" ind1=" " ind2=" ">
    <subfield code="a">Nita loves science. One day she heard a strange noise on the hill behind the house. She went out to look for the source of the sound and met a green boy. They became friends and Nita used her scientific knowledge to help the boy back home.</subfield>
  </datafield>
  <datafield tag="521" ind1="8" ind2=" ">
    <subfield code="a">380

</subfield>
    <subfield code="b">Lexile estimate
</subfield>
  </datafield>
  <datafield tag="521" ind1="8" ind2=" ">
    <subfield code="a">G
</subfield>
    <subfield code="b">Raz-Plus
</subfield>
  </datafield>
  <datafield tag="650" ind1=" " ind2=" ">
    <subfield code="a">&#x1795;&#x17D2;&#x1780;&#x17B6;&#x1799; </subfield>
    <subfield code="v">&#x1790;&#x17D2;&#x1798;&#x179A;&#x200B; </subfield>
    <subfield code="x">&#x1797;&#x1796; </subfield>
  </datafield>
  <datafield tag="650" ind1=" " ind2=" ">
    <subfield code="a">Star </subfield>
    <subfield code="v">Battery </subfield>
    <subfield code="x">Planet </subfield>
  </datafield>
  <datafield tag="700" ind1=" " ind2=" ">
    <subfield code="a">Pisey, Chan </subfield>
    <subfield code="e">illustrator </subfield>
  </datafield>
  <datafield tag="942" ind1=" " ind2=" ">
    <subfield code="2">ddc</subfield>
    <subfield code="c">BK</subfield>
    <subfield code="n">0</subfield>
  </datafield>
  <datafield tag="999" ind1=" " ind2=" ">
    <subfield code="c">1533</subfield>
    <subfield code="d">1533</subfield>
  </datafield>
  <datafield tag="952" ind1=" " ind2=" ">
    <subfield code="0">0</subfield>
    <subfield code="1">0</subfield>
    <subfield code="2">ddc</subfield>
    <subfield code="4">0</subfield>
    <subfield code="7">0</subfield>
    <subfield code="8">Khmer-English Bilingual </subfield>
    <subfield code="a">001</subfield>
    <subfield code="b">001</subfield>
    <subfield code="c">KHRS</subfield>
    <subfield code="d">2023-09-04</subfield>
    <subfield code="l">2</subfield>
    <subfield code="o">KUN 523.2</subfield>
    <subfield code="p">2023-0472</subfield>
    <subfield code="r">2026-02-02 09:31:13</subfield>
    <subfield code="s">2026-01-13</subfield>
    <subfield code="t">1</subfield>
    <subfield code="w">2023-09-04</subfield>
    <subfield code="y">BK</subfield>
  </datafield>
  <datafield tag="952" ind1=" " ind2=" ">
    <subfield code="0">0</subfield>
    <subfield code="1">0</subfield>
    <subfield code="2">ddc</subfield>
    <subfield code="4">0</subfield>
    <subfield code="7">0</subfield>
    <subfield code="8">Khmer-English Bilingual </subfield>
    <subfield code="a">001</subfield>
    <subfield code="b">001</subfield>
    <subfield code="c">KHRS</subfield>
    <subfield code="d">2023-09-04</subfield>
    <subfield code="l">2</subfield>
    <subfield code="o">KUN 523.2</subfield>
    <subfield code="p">2023-0473</subfield>
    <subfield code="r">2025-02-14 14:16:58</subfield>
    <subfield code="s">2024-12-04</subfield>
    <subfield code="t">2</subfield>
    <subfield code="w">2023-09-04</subfield>
    <subfield code="y">BK</subfield>
  </datafield>
</record>
